000
00253nam a2200109Ia 4500
100
_a
Niit
942
_c
BK
654
_a
Java Programming - Techanical Reference
245
_a
Java Programming - Techanical Reference
260
_b
Niit
546
_a
ENGLISH
999
_c
35286
_d
35286